[Event "DVM U16 2012"]
[Site "Naumburg (Saale) GER"]
[Date "2012.12.27"]
[Round "1"]
[White "Schaefer, Matthes"]
[Black "Hammann, Jonas"]
[Result "1/2-1/2"]
[Termination "normal"]
[Board "6.4"]
[WhiteElo "1344"]
[BlackElo "1491"]
[WhiteTeam "BSG Grün-Weiß Leipzig"]
[BlackTeam "Stader SV"]
[WhiteFideId "12946117"]
[BlackFideId "12930601"]
[EventCountry "GER"]
[EventRounds "7"]
[EventType "team-swiss"]
[EventDate "2012.12.26"]

1. e4 e6 2. d4 d5 3. exd5 exd5 4. Nf3 Bd6 5. Bd3 Nf6 6. O-O O-O 7. h3 Nc6 8.
Be3 Nb4 9. Be2 Bf5 10. Na3 a6 11. c3 Nc6 12. Bd3 Bxd3 13. Qxd3 Ne4 14. Nb1 Nb8
15. Nbd2 f5 16. Nb3 Nd7 17. Rad1 Kh8 18. Nc5 Bxc5 19. dxc5 c6 20. b4 a5 21. a3
Qc7 22. c4 Ndf6 23. Bd4 dxc4 24. Qxc4 Rae8 25. Rfe1 Nd5 26. b5 h6 27. b6 Qf4
28. Qd3 Kg8 29. Ne5 Qg5 30. Nf3 Qg6 31. Qc4 Kh8 32. Ne5 Qg5 33. Nf3 Qg6 1/2-1/2

[Event "DVM U16 2012"]
[Site "Naumburg (Saale) GER"]
[Date "2012.12.27"]
[Round "1"]
[White "Pilat, Fabian"]
[Black "Xu, Xianliang"]
[Result "1/2-1/2"]
[Termination "normal"]
[Board "7.1"]
[WhiteElo "1939"]
[BlackElo "2055"]
[WhiteTeam "SG Bochum 1931"]
[BlackTeam "SG Porz"]
[WhiteFideId "24683396"]
[BlackFideId "4603230"]
[EventCountry "GER"]
[EventRounds "7"]
[EventType "team-swiss"]
[EventDate "2012.12.26"]

1. d4 d5 2. Nf3 Nc6 3. e3 Bg4 4. Be2 e6 5. b3 Nf6 6. O-O g6 7. Bb2 Bxf3 8. Bxf3
Bg7 9. Nd2 Ne7 10. b4 c6 11. c4 O-O 12. Qc2 Nf5 13. c5 Qc7 14. Be2 Rfe8 15. h3
Nd7 16. Bd3 Nh6 17. Nf3 f5 18. a4 Nf7 19. Rfe1 e5 20. dxe5 Nfxe5 21. Nxe5 Bxe5
22. Bd4 Bxd4 23. exd4 Qf4 24. Qc3 Nf6 25. Rad1 Kf7 26. Bc2 Ne4 27. Bxe4 1/2-1/2

[Event "DVM U16 2012"]
[Site "Naumburg (Saale) GER"]
[Date "2012.12.27"]
[Round "1"]
[White "Eigemann, Frederik"]
[Black "Fistoul, Boris"]
[Result "1/2-1/2"]
[Termination "normal"]
[Board "7.2"]
[WhiteElo "2011"]
[BlackElo "1654"]
[WhiteTeam "SG Porz"]
[BlackTeam "SG Bochum 1931"]
[WhiteFideId "24692034"]
[BlackFideId "12953962"]
[EventCountry "GER"]
[EventRounds "7"]
[EventType "team-swiss"]
[EventDate "2012.12.26"]

1. d4 e6 2. g3 f5 3. Bg2 d5 4. Nf3 Nf6 5. O-O Be7 6. c4 c6 7. Nbd2 O-O 8. Ne5
Nbd7 9. Nd3 g5 10. Qc2 Ne4 11. f3 Nxd2 12. Bxd2 Qe8 13. e4 Bf6 14. e5 Be7 15.
f4 g4 16. Bb4 Bxb4 17. Nxb4 Rf7 18. Rfc1 Nf8 19. Nd3 h5 20. Qa4 Qe7 21. Qb4 Qd8
22. cxd5 exd5 23. Rab1 Rh7 24. Qc3 Qe7 25. b4 a6 26. a4 h4 27. Rb3 Ne6 28. Nc5
hxg3 29. hxg3 Nc7 30. Rcb1 b6 31. Nd3 Bb7 32. Kf2 1/2-1/2

[Event "DVM U16 2012"]
[Site "Naumburg (Saale) GER"]
[Date "2012.12.27"]
[Round "1"]
[White "Fistoul, Ilja"]
[Black "Padva, Leo"]
[Result "0-1"]
[Termination "normal"]
[Board "7.3"]
[WhiteElo "1605"]
[BlackElo "1750"]
[WhiteTeam "SG Bochum 1931"]
[BlackTeam "SG Porz"]
[WhiteFideId "12953580"]
[BlackFideId "12964379"]
[EventCountry "GER"]
[EventRounds "7"]
[EventType "team-swiss"]
[EventDate "2012.12.26"]

1. e4 c5 2. Nf3 e6 3. d4 cxd4 4. Nxd4 Nc6 5. Nc3 a6 6. Nxc6 bxc6 7. Be2 Bc5 8.
O-O Ne7 9. Kh1 d5 10. f4 Bb7 11. Bf3 Qc7 12. a3 Rd8 13. Qe2 O-O 14. Nd1 a5 15.
c3 Ra8 16. Qc2 Ba6 17. Be2 Bxe2 18. Qxe2 Ng6 19. f5 exf5 20. exf5 Rfe8 21. Qc2
Ne5 22. h3 f6 23. Nf2 Nc4 24. b3 Ne3 25. Bxe3 Rxe3 26. Nd3 Ba7 27. Rae1 Rae8
28. Rxe3 Rxe3 29. Re1 Bb8 30. Kg1 Qh2+ 31. Kf1 Rf3+ 32. Nf2 Qh1+ 33. Ke2 Qxg2
0-1

[Event "DVM U16 2012"]
[Site "Naumburg (Saale) GER"]
[Date "2012.12.27"]
[Round "1"]
[White "Spindler, Florian"]
[Black "Schwerdtfeger, Lukas"]
[Result "1-0"]
[Termination "normal"]
[Board "7.4"]
[WhiteElo "1616"]
[BlackElo "1418"]
[WhiteTeam "SG Porz"]
[BlackTeam "SG Bochum 1931"]
[WhiteFideId "12964387"]
[EventCountry "GER"]
[EventRounds "7"]
[EventType "team-swiss"]
[EventDate "2012.12.26"]

1. d4 d5 2. c4 e6 3. Nc3 Nf6 4. Bg5 Be7 5. e3 O-O 6. Nf3 b6 7. Bd3 h6 8. Bh4
Bb7 9. O-O Nbd7 10. Rc1 c5 11. cxd5 exd5 12. Qe2 Ne4 13. Bxe7 Qxe7 14. dxc5
bxc5 15. Bxe4 dxe4 16. Nd2 Nf6 17. Nb3 Rac8 18. Na4 Nd7 19. Rfd1 c4 20. Na5 Ne5
21. Nxb7 Qxb7 22. Rd4 Rfd8 23. Qd2 Nd3 24. Rxd8+ Rxd8 25. Rxc4 Qe7 26. Nc3 Nb4
27. Rd4 Rxd4 28. Qxd4 a6 29. a3 Nc6 30. Qxe4 Qd7 31. Qd5 Qb7 32. h3 1-0

[Event "DVM U16 2012"]
[Site "Naumburg (Saale) GER"]
[Date "2012.12.27"]
[Round "1"]
[White "Hinrichs, Lars"]
[Black "Schulz, Lukas"]
[Result "1-0"]
[Termination "normal"]
[Board "8.1"]
[WhiteElo "1947"]
[BlackElo "1872"]
[WhiteTeam "Hamburger SK von 1830"]
[BlackTeam "SC Höchstadt/Aisch"]
[WhiteFideId "12921769"]
[BlackFideId "12924881"]
[EventCountry "GER"]
[EventRounds "7"]
[EventType "team-swiss"]
[EventDate "2012.12.26"]

1. e4 d6 2. d4 Nf6 3. Nc3 g6 4. Be3 Bg7 5. f3 Nc6 6. Qd2 e5 7. d5 Ne7 8. O-O-O
O-O 9. g4 Ne8 10. Bh6 f5 11. exf5 gxf5 12. Bxg7 Nxg7 13. g5 Ng6 14. Nge2 Nh5
15. Ng3 Ngf4 16. Rg1 Kh8 17. Nxh5 Nxh5 18. g6 Rg8 19. Qh6 1-0

[Event "DVM U16 2012"]
[Site "Naumburg (Saale) GER"]
[Date "2012.12.27"]
[Round "1"]
[White "Koch, Christian"]
[Black "Grötzbach, Daniel"]
[Result "0-1"]
[Termination "normal"]
[Board "8.2"]
[WhiteElo "1742"]
[BlackElo "1899"]
[WhiteTeam "SC Höchstadt/Aisch"]
[BlackTeam "Hamburger SK von 1830"]
[WhiteFideId "1272124"]
[BlackFideId "24692166"]
[EventCountry "GER"]
[EventRounds "7"]
[EventType "team-swiss"]
[EventDate "2012.12.26"]

1. e4 c5 2. Nf3 d6 3. d4 cxd4 4. Nxd4 Nf6 5. Bd3 Nc6 6. Nxc6 bxc6 7. O-O g6 8.
c3 Bg7 9. Qc2 O-O 10. h3 Nd7 11. Be3 Ne5 12. Be2 f5 13. f4 Nf7 14. Nd2 e5 15.
Rad1 Qe7 16. c4 Be6 17. Bd3 fxe4 18. Bxe4 Rac8 19. f5 gxf5 20. Bxf5 Bxf5 21.
Rxf5 d5 22. Nf3 e4 23. Ng5 Nxg5 24. Bxg5 Qc5+ 25. Rf2 Bd4 26. Rxd4 Qxd4 27. Bh4
Rxf2 28. Bxf2 e3 29. Be1 e2+ 30. Kh2 Qe5+ 31. g3 Rf8 32. cxd5 cxd5 33. Qa4 d4
34. Qc4+ Kg7 35. Qb4 Qe3 36. Qb7+ Rf7 37. Qg2 Rf3 0-1

[Event "DVM U16 2012"]
[Site "Naumburg (Saale) GER"]
[Date "2012.12.27"]
[Round "1"]
[White "Sander, Jean Louis"]
[Black "Mönius, Alexander"]
[Result "1-0"]
[Termination "normal"]
[Board "8.3"]
[WhiteElo "1800"]
[BlackElo "1747"]
[WhiteTeam "Hamburger SK von 1830"]
[BlackTeam "SC Höchstadt/Aisch"]
[WhiteFideId "12903280"]
[BlackFideId "12949795"]
[EventCountry "GER"]
[EventRounds "7"]
[EventType "team-swiss"]
[EventDate "2012.12.26"]

1. e4 d6 2. d4 Nf6 3. Nc3 g6 4. f4 Bg7 5. Nf3 O-O 6. Bd3 c6 7. O-O b5 8. e5
Nfd7 9. Ne4 d5 10. Ng3 Nb6 11. c3 Bg4 12. h3 Bxf3 13. Qxf3 f5 14. exf6 Rxf6 15.
f5 Nc4 16. Qe2 Qe8 17. Bg5 Rf7 18. fxg6 hxg6 19. Rxf7 Qxf7 20. Rf1 Bf6 21. Qg4
Nd6 22. Bxf6 exf6 23. Bxg6 Qf8 24. Nh5 Kh8 25. Nxf6 Qh6 26. Be8 Qe3+ 27. Kh1
1-0

[Event "DVM U16 2012"]
[Site "Naumburg (Saale) GER"]
[Date "2012.12.27"]
[Round "1"]
[White "Mönius, Oliver"]
[Black "Elbracht, Michael"]
[Result "0-1"]
[Termination "normal"]
[Board "8.4"]
[WhiteElo "1331"]
[BlackElo "1600"]
[WhiteTeam "SC Höchstadt/Aisch"]
[BlackTeam "Hamburger SK von 1830"]
[WhiteFideId "12949906"]
[BlackFideId "12945595"]
[EventCountry "GER"]
[EventRounds "7"]
[EventType "team-swiss"]
[EventDate "2012.12.26"]

1. d4 Nf6 2. c4 g6 3. Nc3 Bg7 4. Nf3 O-O 5. Bg5 d6 6. e3 c5 7. d5 Na6 8. Be2
Bd7 9. O-O Nc7 10. Qc2 a6 11. b3 b5 12. a3 Rc8 13. Rfd1 b4 14. axb4 cxb4 15.
Na4 Ncxd5 16. Qd2 Nc3 17. Nxc3 bxc3 18. Qxc3 Ne4 19. Qd3 Nxg5 20. Rxa6 Bf5 21.
Qd2 Ne4 22. Qa5 Qxa5 23. Rxa5 Nc3 24. Re1 Nxe2+ 25. Rxe2 Rb8 26. Ra3 Bd3 27.
Re1 Bb2 28. Ra7 Rfe8 29. Rd1 Rxb3 30. Rc7 Rc3 31. Nd2 Rc1 32. Rxc1 Bxc1 33. Nb3
Bb2 34. c5 dxc5 35. Rxc5 Bf6 36. Nd2 Ra8 37. h3 Ra1+ 38. Kh2 Ra2 39. Nf3 Rxf2
40. Kg3 Re2 41. Rd5 Rxe3 42. Kf4 Re4+ 43. Kg3 Ba6 44. Rd8+ Kg7 0-1

[Event "DVM U16 2012"]
[Site "Naumburg (Saale) GER"]
[Date "2012.12.27"]
[Round "1"]
[White "Martin, Richard"]
[Black "Peczely, Sebastian Zsombor"]
[Result "1-0"]
[Termination "normal"]
[Board "9.1"]
[WhiteElo "1730"]
[BlackElo "2064"]
[WhiteTeam "SV Unterkochen"]
[BlackTeam "Schachgemeinschaft Leipzig"]
[WhiteFideId "12925691"]
[BlackFideId "750964"]
[EventCountry "GER"]
[EventRounds "7"]
[EventType "team-swiss"]
[EventDate "2012.12.26"]

1. e4 e5 2. Nf3 Nc6 3. Nc3 Nf6 4. Bb5 Bd6 5. O-O a6 6. Bxc6 dxc6 7. d4 exd4 8.
Qxd4 c5 9. Qd3 Be7 10. Qxd8+ Bxd8 11. Bf4 O-O 12. Rad1 Be6 13. Rd2 Re8 14. Rfd1
c6 15. Ng5 Ba5 16. Nxe6 Rxe6 17. f3 Ree8 18. Bg5 c4 19. Bxf6 gxf6 20. Rd7 Rab8
21. Kf1 Kg7 22. R1d4 b5 23. R4d6 Red8 24. Ke2 Rxd7 25. Rxd7 Rd8 26. Ra7 b4 27.
Nb1 c5 28. Rxa6 Bc7 29. Rc6 Bd6 30. Nd2 c3 31. bxc3 Bf4 32. Nb3 bxc3 33. g3 Bd6
34. a4 Bf8 35. a5 Ra8 36. Kd3 Kg8 37. Kxc3 1-0

[Event "DVM U16 2012"]
[Site "Naumburg (Saale) GER"]
[Date "2012.12.27"]
[Round "1"]
[White "Kreyssig, Robert"]
[Black "Basaran, Mehmet"]
[Result "1-0"]
[Termination "normal"]
[Board "9.2"]
[WhiteElo "1991"]
[BlackElo "1749"]
[WhiteTeam "Schachgemeinschaft Leipzig"]
[BlackTeam "SV Unterkochen"]
[WhiteFideId "4662881"]
[BlackFideId "12929042"]
[EventCountry "GER"]
[EventRounds "7"]
[EventType "team-swiss"]
[EventDate "2012.12.26"]

1. d4 Nf6 2. c4 g6 3. Nc3 Bg7 4. e4 d6 5. f3 O-O 6. Be3 e5 7. d5 Nh5 8. Qd2 f5
9. Bd3 f4 10. Bf2 g5 11. g4 Nf6 12. c5 Nbd7 13. cxd6 cxd6 14. Nge2 a6 15. O-O-O
b6 16. Kb1 Nc5 17. Rc1 Nfd7 18. Bc2 b5 19. h4 Bf6 20. hxg5 Bxg5 21. Rh5 h6 22.
Rch1 Kg7 23. Bh4 Bxh4 24. R1xh4 Qf6 25. Qe1 Qg6 26. Qh1 Rh8 27. Nxf4 exf4 28.
e5 Qxh5 29. Rxh5 Nxe5 30. g5 Nf7 31. gxh6+ Nxh6 32. Qg2+ Kf8 33. Qg6 Ra7 34.
Qxd6+ 1-0

[Event "DVM U16 2012"]
[Site "Naumburg (Saale) GER"]
[Date "2012.12.27"]
[Round "1"]
[White "Heber, Markus"]
[Black "Haidl, Richard"]
[Result "1-0"]
[Termination "normal"]
[Board "9.4"]
[WhiteElo "1547"]
[BlackElo "1508"]
[WhiteTeam "Schachgemeinschaft Leipzig"]
[BlackTeam "SV Unterkochen"]
[WhiteFideId "12964395"]
[BlackFideId "12962422"]
[EventCountry "GER"]
[EventRounds "7"]
[EventType "team-swiss"]
[EventDate "2012.12.26"]

1. e4 c5 2. Nf3 Nc6 3. Bb5 Nd4 4. Nxd4 cxd4 5. O-O g6 6. d3 Bg7 7. Nd2 a6 8.
Bc4 e6 9. Nf3 b5 10. Bb3 Ne7 11. Bf4 Bb7 12. Qd2 O-O 13. Bh6 Qc7 14. Bxg7 Kxg7
15. Nxd4 f5 16. exf5 Nxf5 17. Nxf5+ Rxf5 18. Qc3+ Qxc3 19. bxc3 Raf8 20. a4 Rg5
21. g3 Rh5 22. axb5 axb5 23. Ra7 Rb8 24. c4 bxc4 25. Bxc4 Bc6 26. Bxe6 Rd8 27.
Re1 Kf6 28. Bg4 Rc5 29. c4 h5 30. Bh3 Rg5 31. d4 h4 32. Bg2 hxg3 33. hxg3 Bxg2
34. Kxg2 Rg4 35. Rd1 Ke6 36. f3 Rg5 37. g4 Rf8 38. Kg3 Rc8 39. f4 Rxg4+ 40.
Kxg4 Rxc4 41. Kg5 Rc2 42. Ra6+ Ke7 43. Kxg6 Rg2+ 44. Kf5 Rg7 45. Re1+ Kd8 46.
Kf6 Rh7 47. Ra7 Rh6+ 48. Kf7 Rh7+ 49. Kg6 Rh4 50. f5 Rxd4 51. Kf7 Ra4 52. Re8#
1-0

[Event "DVM U16 2012"]
[Site "Naumburg (Saale) GER"]
[Date "2012.12.27"]
[Round "1"]
[White "Grimm, Julius"]
[Black "Glatzel, Jonas"]
[Result "0-1"]
[Termination "normal"]
[Board "10.1"]
[WhiteElo "1850"]
[BlackElo "1909"]
[WhiteTeam "SV Schachforum Darmstadt 1994"]
[BlackTeam "Königsspringer Iserlohn 1934"]
[WhiteFideId "12916986"]
[BlackFideId "12937800"]
[EventCountry "GER"]
[EventRounds "7"]
[EventType "team-swiss"]
[EventDate "2012.12.26"]

1. d4 Nf6 2. c4 g6 3. g3 Bg7 4. Bg2 O-O 5. Nc3 d6 6. Nf3 Nc6 7. O-O a6 8. Qd3
Bd7 9. d5 Nb4 10. Qd1 a5 11. a3 Na6 12. Ne1 Qc8 13. Nd3 Bh3 14. Rb1 Bxg2 15.
Kxg2 Nd7 16. Qc2 c6 17. Bg5 Re8 18. Rbc1 Ne5 19. Nxe5 Bxe5 20. Na4 cxd5 21.
cxd5 Qg4 22. Nb6 Qxg5 23. Nxa8 Bd4 24. Qb3 Rxa8 25. Qxb7 Ra7 26. Qb5 Bc5 27.
Rfd1 Qf5 28. e3 Qd7 29. Qxa5 Nb4 30. axb4 Rxa5 31. bxa5 Qb5 32. Ra1 Qxb2 33.
Rdb1 Qd2 34. a6 Bxe3 35. Rb5 Qxf2+ 36. Kh3 Bd4 37. Rb7 Bxa1 38. a7 Qf5+ 39. g4
Qf3+ 40. Kh4 Bf6+ 41. g5 0-1

[Event "DVM U16 2012"]
[Site "Naumburg (Saale) GER"]
[Date "2012.12.27"]
[Round "1"]
[White "Dröttboom, Tobias"]
[Black "Tibke, Jonas"]
[Result "1-0"]
[Termination "normal"]
[Board "10.2"]
[WhiteElo "1682"]
[BlackElo "1945"]
[WhiteTeam "Königsspringer Iserlohn 1934"]
[BlackTeam "SV Schachforum Darmstadt 1994"]
[WhiteFideId "12946133"]
[BlackFideId "12928356"]
[EventCountry "GER"]
[EventRounds "7"]
[EventType "team-swiss"]
[EventDate "2012.12.26"]

1. d4 Nf6 2. Nf3 e6 3. Bf4 c5 4. e3 Nc6 5. c3 d5 6. Nbd2 Qb6 7. Qb3 Qxb3 8.
axb3 Be7 9. h3 O-O 10. Bd3 b6 11. O-O Bb7 12. Rfe1 Rfd8 13. Ba6 Bxa6 14. Rxa6
Nd7 15. Rea1 Na5 16. Ra4 cxd4 17. exd4 Nb8 18. Bxb8 Rdxb8 19. b4 Nc6 20. b5 Na5
21. b4 Nb7 22. Rxa7 Rxa7 23. Rxa7 Kf8 24. Ne5 Nd6 25. Nd7+ Ke8 26. Nxb8 Nxb5
27. Ra8 Nxc3 28. Nc6+ Kd7 29. Ne5+ Kd6 30. Nxf7+ Kd7 31. Ne5+ Kd6 32. Ra7 Ne2+
33. Kf1 Nxd4 34. Nf7+ 1-0

[Event "DVM U16 2012"]
[Site "Naumburg (Saale) GER"]
[Date "2012.12.27"]
[Round "1"]
[White "Nothnagel, Marian Can"]
[Black "von Bargen, Lukas"]
[Result "0-1"]
[Termination "normal"]
[Board "10.3"]
[WhiteElo "1754"]
[BlackElo "1661"]
[WhiteTeam "SV Schachforum Darmstadt 1994"]
[BlackTeam "Königsspringer Iserlohn 1934"]
[WhiteFideId "12921530"]
[BlackFideId "12946141"]
[EventCountry "GER"]
[EventRounds "7"]
[EventType "team-swiss"]
[EventDate "2012.12.26"]

1. e4 c5 2. Nf3 d6 3. d4 cxd4 4. Nxd4 Nf6 5. Nc3 g6 6. Be3 Bg7 7. Be2 Nc6 8.
O-O O-O 9. Qd2 Bd7 10. Rad1 a6 11. a4 Rc8 12. f3 Ne5 13. Nb3 Be6 14. Bd4 Nc4
15. Bxc4 Bxc4 16. Rfe1 Bxb3 17. cxb3 Re8 18. Rc1 Qa5 19. Qe3 Qb4 20. Na2 Qa5
21. Bb6 Qe5 22. Nc3 Qh5 23. Qd2 Bh6 24. Be3 Qc5 25. Nd5 Bxe3+ 26. Nxe3 Qb6 27.
Rc3 Rxc3 28. Qxc3 d5 29. exd5 Nxd5 30. Qe5 e6 31. Kf1 Rd8 32. Nxd5 Rxd5 33. Qe3
Qd6 34. Qc3 Rc5 35. Qb4 Qd3+ 36. Re2 Rc2 37. Qe4 Qxe2+ 38. Qxe2 Rxe2 39. Kxe2
Kf8 40. Kd3 Ke7 41. Kd4 Kd6 42. f4 f6 43. b4 e5+ 44. fxe5+ fxe5+ 45. Kc4 Kc6
46. b5+ axb5+ 47. axb5+ Kd6 48. b6 Kc6 49. g4 g5 50. h3 h6 51. b3 Kd6 52. b4
Kc6 53. b5+ Kd6 54. Kd3 Kd5 55. Ke3 e4 56. Ke2 Kd4 57. Kd2 e3+ 58. Ke2 Ke4 59.
h4 gxh4 60. Kf1 Kf3 0-1

[Event "DVM U16 2012"]
[Site "Naumburg (Saale) GER"]
[Date "2012.12.27"]
[Round "1"]
[White "Nissen, Arne"]
[Black "Dittmar, Lars"]
[Result "0-1"]
[Termination "normal"]
[Board "10.4"]
[WhiteElo "1082"]
[BlackElo "1764"]
[WhiteTeam "Königsspringer Iserlohn 1934"]
[BlackTeam "SV Schachforum Darmstadt 1994"]
[WhiteFideId "12964417"]
[BlackFideId "12921505"]
[EventCountry "GER"]
[EventRounds "7"]
[EventType "team-swiss"]
[EventDate "2012.12.26"]

1. e4  e5  2. Nf3 d6 3. d4 exd4 4. Nxd4 Nf6 5. Nc3 Be7 6. Bc4 O-O 7. O-O Re8 8.
Bg5 Nxe4 9. Bxe7 Rxe7 10. Nd5 Re8 11. Re1 c6 12. Ne3 d5 13. Bd3 Nd7 14. f3 Nd6
15. Nef5 Nxf5 16. Nxf5 Nf6 17. Qd2 Rxe1+ 18. Rxe1 Bxf5 19. Bxf5 Qb6+ 20. Kh1
Qxb2 21. a4 a5 22. g4 g6 23. Bd3 Qb4 24. Qe3 Re8 25. Qxe8+ Nxe8 26. Rxe8+ Kg7
27. Rb8 Qf4 28. Rxb7 Qxf3+ 29. Kg1 Qxg4+ 30. Kf2 Qxa4 31. Rb6 Qd4+ 0-1

[Event "DVM U16 2012"]
[Site "Naumburg (Saale) GER"]
[Date "2012.12.27"]
[Round "2"]
[White "Peczely, Sebastian Zsombor"]
[Black "Riehle, Marco"]
[Result "1-0"]
[Termination "normal"]
[Board "1.1"]
[WhiteElo "2064"]
[BlackElo "1849"]
[WhiteTeam "Schachgemeinschaft Leipzig"]
[BlackTeam "SF Sasbach"]
[WhiteFideId "750964"]
[BlackFideId "12904392"]
[EventCountry "GER"]
[EventRounds "7"]
[EventType "team-swiss"]
[EventDate "2012.12.26"]

1. e4 e5 2. Nf3 Nf6 3. d4 d5 4. dxe5 Nxe4 5. Bd3 Bf5 6. O-O Nc6 7. Bf4 Bc5 8.
Nc3 Nxc3 9. bxc3 Bxd3 10. Qxd3 h6 11. Rad1 Qe7 12. Qxd5 Rd8 13. Qe4 O-O 14. h3
Qe6 15. a4 Rde8 16. Bg3 f5 17. Qd5 Qxd5 18. Rxd5 Bb6 19. Rfd1 g5 20. Kf1 f4 21.
Bh2 Rf5 22. c4 Re6 23. c3 h5 24. Nd4 Nxd4 25. cxd4 g4 26. Ke2 c5 27. a5 Bxa5
28. Rxc5 Bb4 29. Rb5 Rb6 30. Rxb6 axb6 31. Rb1 Ba5 32. Kd3 f3 33. Ke4 Rf8 34.
hxg4 fxg2 35. f4 h4 36. f5 Rc8 37. f6 Rxc4 38. e6 Bb4 39. Rxb4 Rxb4 40. f7+ Kg7
41. Be5+ Kh7 42. f8=Q Rxd4+ 43. Bxd4 1-0

[Event "DVM U16 2012"]
[Site "Naumburg (Saale) GER"]
[Date "2012.12.27"]
[Round "2"]
[White "Bohnert, Dominik"]
[Black "Kreyssig, Robert"]
[Result "1/2-1/2"]
[Termination "normal"]
[Board "1.2"]
[WhiteElo "1956"]
[BlackElo "1991"]
[WhiteTeam "SF Sasbach"]
[BlackTeam "Schachgemeinschaft Leipzig"]
[WhiteFideId "12918075"]
[BlackFideId "4662881"]
[EventCountry "GER"]
[EventRounds "7"]
[EventType "team-swiss"]
[EventDate "2012.12.26"]

1. e4 c5 2. Nf3 Nc6 3. d4 cxd4 4. Nxd4 Nf6 5. Nc3 d6 6. f3 e5 7. Nb3 Be6 8. Be3
d5 9. exd5 Nxd5 10. Nxd5 Bxd5 11. Qd2 Be7 12. O-O-O Bxb3 13. Qxd8+ Rxd8 14.
Rxd8+ Kxd8 15. axb3 Kc7 16. Bc4 f6 17. Rd1 a6 18. c3 Rd8 19. Bd3 h6 20. b4 b5
21. Kc2 Kb7 22. Be4 Rxd1 23. Kxd1 Kc7 24. Kd2 Bd6 25. Bxc6 Kxc6 26. Kd3 f5 27.
b3 h5 28. h3 g6 29. Bd2 Be7 30. c4 Bh4 31. Bh6 Be1 32. Bd2 Bg3 33. Bh6 1/2-1/2

[Event "DVM U16 2012"]
[Site "Naumburg (Saale) GER"]
[Date "2012.12.27"]
[Round "2"]
[White "Waschischeck, Tom"]
[Black "Ehmann, Thilo"]
[Result "0-1"]
[Termination "normal"]
[Board "1.3"]
[WhiteElo "1642"]
[BlackElo "1900"]
[WhiteTeam "Schachgemeinschaft Leipzig"]
[BlackTeam "SF Sasbach"]
[WhiteFideId "12931780"]
[BlackFideId "12940968"]
[EventCountry "GER"]
[EventRounds "7"]
[EventType "team-swiss"]
[EventDate "2012.12.26"]

1. e4 e5 2. Bc4 Bc5 3. Nf3 Nc6 4. c3 Nf6 5. d3 a6 6. Nbd2 O-O 7. Nf1 d5 8. exd5
Nxd5 9. Be3 Bxe3 10. fxe3 Re8 11. Bxd5 Qxd5 12. e4 Qd6 13. Qe2 Be6 14. Ng5 Rad8
15. Nxe6 Qxe6 16. Ne3 Rd7 17. b3 Red8 18. Rd1 a5 19. O-O b5 20. Nc2 b4 21. c4
Nd4 22. Nxd4 Rxd4 23. Rf3 Qd7 24. Rd2 f6 25. h3 a4 26. Kf2 Qc6 27. Rb2 Ra8 28.
Qc2 axb3 29. Qxb3 Qa4 30. Ke3 Qxb3 31. axb3 c5 32. Rff2 Rd6 33. Ra2 Rda6 34.
Rxa6 Rxa6 35. Kf3 Ra1 36. Rb2 Kf7 37. Kf2 Kg6 38. Kf3 Kg5 39. g3 h6 40. Kf2 Rh1
41. Kg2 Rd1 0-1

[Event "DVM U16 2012"]
[Site "Naumburg (Saale) GER"]
[Date "2012.12.27"]
[Round "2"]
[White "Gubela, Hans-Erich Constantin"]
[Black "Wildermuth, Tim"]
[Result "1-0"]
[Termination "normal"]
[Board "1.4"]
[WhiteElo "1789"]
[BlackElo "1601"]
[WhiteTeam "SF Sasbach"]
[BlackTeam "Schachgemeinschaft Leipzig"]
[WhiteFideId "24692140"]
[BlackFideId "12946109"]
[EventCountry "GER"]
[EventRounds "7"]
[EventType "team-swiss"]
[EventDate "2012.12.26"]

1. b3 e5 2. Bb2 Nc6 3. e3 a6 4. Be2 Bc5 5. Nf3 d6 6. O-O Bf5 7. d4 exd4 8. exd4
Qf6 9. Nc3 Bb6 10. Nd5 Qh6 11. Nxb6 cxb6 12. Re1 Nce7 13. d5 Nf6 14. Bd3 Bxd3
15. Qxd3 Rc8 16. Nd4 Ng4 17. Rxe7+ Kd8 18. Qg3 Qxh2+ 19. Qxh2 Nxh2 20. Re4 1-0

[Event "DVM U16 2012"]
[Site "Naumburg (Saale) GER"]
[Date "2012.12.27"]
[Round "2"]
[White "Grötzbach, Daniel"]
[Black "Nitsche-Hahn, Raphael"]
[Result "1/2-1/2"]
[Termination "normal"]
[Board "2.2"]
[WhiteElo "1899"]
[BlackElo "1927"]
[WhiteTeam "Hamburger SK von 1830"]
[BlackTeam "SC Vaterstetten"]
[WhiteFideId "24692166"]
[BlackFideId "4613120"]
[EventCountry "GER"]
[EventRounds "7"]
[EventType "team-swiss"]
[EventDate "2012.12.26"]

1. e4 c5 2. Nf3 g6 3. d4 cxd4 4. Nxd4 Nf6 5. Nc3 Bg7 6. e5 Ng8 7. Bf4 f6 8.
exf6 Nxf6 9. Bc4 d5 10. Bb5+ Kf7 11. Qd2 Ne4 12. Nxe4 dxe4 13. Bc4+ Ke8 14.
Bb5+ Kf7 15. Bc4+ e6 16. O-O-O Qf6 17. Rhe1 Nc6 18. Rxe4 Nxd4 19. Rxd4 Qxd4 20.
Qxd4 Bxd4 21. Rxd4 a6 22. a4 h6 23. Be5 Rf8 24. Bd3 b5 25. axb5 axb5 26. Bxb5
Ra1+ 1/2-1/2

[Event "DVM U16 2012"]
[Site "Naumburg (Saale) GER"]
[Date "2012.12.27"]
[Round "2"]
[White "Schackmann, Oliver"]
[Black "Sander, Jean Louis"]
[Result "1/2-1/2"]
[Termination "normal"]
[Board "2.3"]
[WhiteElo "1908"]
[BlackElo "1800"]
[WhiteTeam "SC Vaterstetten"]
[BlackTeam "Hamburger SK von 1830"]
[WhiteFideId "12905267"]
[BlackFideId "12903280"]
[EventCountry "GER"]
[EventRounds "7"]
[EventType "team-swiss"]
[EventDate "2012.12.26"]

1. e4 c5 2. Nf3 d6 3. d3 Nc6 4. g3 g6 5. Bg2 Bg7 6. O-O Nf6 7. c3 O-O 8. Re1
Bg4 9. h3 Bxf3 10. Bxf3 Nd7 11. Bg2 Rb8 12. Nd2 b5 13. Nf1 b4 14. c4 Nd4 15.
Ne3 a5 16. f4 b3 17. a3 a4 18. Rf1 Re8 19. Rb1 Nf8 20. g4 Nd7 21. Kh1 Rf8 22.
f5 Ne5 23. g5 Nc2 24. Ng4 Nxg4 25. Qxg4 Nd4 26. Bd2 Nc6 27. h4 Ne5 28. Qg3 Kh8
29. Rf2 f6 30. Rbf1 Qe8 31. Rf4 Kg8 32. Bh3 fxg5 33. hxg5 Nd7 34. fxg6 Rxf4 35.
gxh7+ Kh8 36. Qxf4 Ne5 37. Qg3 Qh5 38. Rf2 Rf8 39. Rxf8+ Bxf8 40. Bc3 Bg7 41.
g6 Qd1+ 42. Kg2 Qe2+ 43. Qf2 Qxf2+ 44. Kxf2 Nxd3+ 45. Ke3 Nxb2 46. Bxb2 Bxb2
47. Bd7 Bxa3 48. Bxa4 Bc1+ 49. Kd3 b2 50. Kc2 Kg7 51. Bd7 Bf4 52. Kxb2 Be5+ 53.
Kc2 Kxg6 54. Bf5+ 1/2-1/2

[Event "DVM U16 2012"]
[Site "Naumburg (Saale) GER"]
[Date "2012.12.27"]
[Round "2"]
[White "Elbracht, Michael"]
[Black "Frenkel, Maxim"]
[Result "1-0"]
[Termination "normal"]
[Board "2.4"]
[WhiteElo "1600"]
[BlackElo "1859"]
[WhiteTeam "Hamburger SK von 1830"]
[BlackTeam "SC Vaterstetten"]
[WhiteFideId "12945595"]
[BlackFideId "4620909"]
[EventCountry "GER"]
[EventRounds "7"]
[EventType "team-swiss"]
[EventDate "2012.12.26"]

1. e4 d5 2. exd5 Qxd5 3. Nc3 Qd6 4. Nf3 Nf6 5. g3 Bg4 6. Bg2 c6 7. O-O Nbd7 8.
d4 Nb6 9. Bf4 Qb4 10. Rb1 Rd8 11. Ne2 Bf5 12. b3 Nbd5 13. Bd2 Qb6 14. Ra1 Ne4
15. c4 Nxd2 16. Qxd2 Nf6 17. Rfd1 e6 18. c5 Qa6 19. a4 Bxc5 20. b4 Bb6 21. Qb2
Qc4 22. Ne5 Qc2 23. Qxc2 Bxc2 24. Rdc1 Bd3 25. Nxd3 Bxd4 26. Nxd4 Rxd4 27. Nc5
Rxb4 28. Nxb7 1-0